<?xml version="1.0" encoding="UTF-8"?>
<record
    xmlns:xsi="http://www.w3.org/2001/XMLSchema-instance"
    xsi:schemaLocation="http://www.loc.gov/MARC21/slim http://www.loc.gov/standards/marcxml/schema/MARC21slim.xsd"
    xmlns="http://www.loc.gov/MARC21/slim">

  <leader>02470nam a22002894a 4500</leader>
  <controlfield tag="003">BOLpUSFA</controlfield>
  <controlfield tag="005">20260407144308.0</controlfield>
  <controlfield tag="008">      t        bo     grm    001 | spa||</controlfield>
  <datafield tag="040" ind1=" " ind2=" ">
    <subfield code="a">BOLpUSFA</subfield>
  </datafield>
  <datafield tag="041" ind1=" " ind2=" ">
    <subfield code="a">spa</subfield>
  </datafield>
  <datafield tag="044" ind1=" " ind2=" ">
    <subfield code="a">BO</subfield>
  </datafield>
  <datafield tag="082" ind1=" " ind2=" ">
    <subfield code="a">ADM0038</subfield>
    <subfield code="b">C746dPG</subfield>
  </datafield>
  <datafield tag="100" ind1=" " ind2=" ">
    <subfield code="a">Condori Mamani, Alan Brayan</subfield>
  </datafield>
  <datafield tag="245" ind1=" " ind2=" ">
    <subfield code="a">Dise&#xF1;o de un plan de marketing digital para el  posicionamiento de la Salte&#xF1;er&#xED;a Condorito en el distrito 1 de  la ciudad de El Alto  </subfield>
  </datafield>
  <datafield tag="260" ind1=" " ind2=" ">
    <subfield code="a">El Alto: </subfield>
    <subfield code="b">Universidad Privada San Francisco de As&#xED;s. Carrera de Administraci&#xF3;n de Empresas,</subfield>
    <subfield code="c">2025</subfield>
  </datafield>
  <datafield tag="300" ind1=" " ind2=" ">
    <subfield code="a">141 p.</subfield>
  </datafield>
  <datafield tag="502" ind1=" " ind2=" ">
    <subfield code="a">Modalidad: Proyecto de Grado -  
Tutor: Ing. Sebasti&#xE1;n Huallpa Quispe 
</subfield>
  </datafield>
  <datafield tag="520" ind1=" " ind2=" ">
    <subfield code="a">Esta  investigaci&#xF3;n,  cuyo  objetivo  es  dise&#xF1;ar  un  plan  de  marketing  digital  para 
posicionar la Salte&#xF1;er&#xED;a Condorito en el distrito 1 de la ciudad de El Alto, se propone 
como soluci&#xF3;n a la falta de estrategias que permitan visibilizar el emprendimiento 
en el entorno digital, donde la competencia gastron&#xF3;mica exige presencia activa en 
redes sociales y plataformas de entrega. 

A trav&#xE9;s de encuestas aplicadas a 384 personas y entrevistas semiestructuradas, 
se pudo conocer datos relevantes sobre el comportamiento de los consumidores, 
quienes  en  su  mayor&#xED;a  utilizan  medios  digitales  para  descubrir  y  elegir  negocios 
locales. Esto permiti&#xF3; identificar las necesidades reales del p&#xFA;blico objetivo y las 
oportunidades de mejora en la comunicaci&#xF3;n y promoci&#xF3;n del servicio. 

La investigaci&#xF3;n tambi&#xE9;n da a conocer las fallas en las estrategias actuales de la 
empresa, como la ausencia de presencia digital, la falta de planificaci&#xF3;n promocional 
y  la  escasa  interacci&#xF3;n  con  los  clientes  mediante  canales  tecnol&#xF3;gicos.  Estos 
factores limitan el crecimiento del negocio y su posicionamiento en el mercado. 

El  estudio  concluye  que,  mediante  la  implementaci&#xF3;n  de  acciones  como  la 
activaci&#xF3;n  de  redes  sociales,  el  uso  de  WhatsApp  Business,  la  afiliaci&#xF3;n  a 
plataformas de delivery y campa&#xF1;as promocionales segmentadas, se puede lograr 
una mejora continua en la visibilidad y consumo de los productos de la Salte&#xF1;er&#xCD;A
</subfield>
  </datafield>
  <datafield tag="650" ind1=" " ind2=" ">
    <subfield code="a">Administraci&#xF3;n de Empresas</subfield>
  </datafield>
  <datafield tag="650" ind1=" " ind2=" ">
    <subfield code="a">Proyecto de Grado</subfield>
  </datafield>
  <datafield tag="650" ind1=" " ind2=" ">
    <subfield code="a">Marketing digital</subfield>
  </datafield>
  <datafield tag="650" ind1=" " ind2=" ">
    <subfield code="a">Posicionamiento</subfield>
  </datafield>
  <datafield tag="650" ind1=" " ind2=" ">
    <subfield code="a">Alimentos</subfield>
  </datafield>
  <datafield tag="650" ind1=" " ind2=" ">
    <subfield code="a">Salte&#xF1;er&#xED;as</subfield>
  </datafield>
  <datafield tag="651" ind1=" " ind2=" ">
    <subfield code="a">El Alto</subfield>
  </datafield>
  <datafield tag="942" ind1=" " ind2=" ">
    <subfield code="2">ddc</subfield>
    <subfield code="c">TE</subfield>
    <subfield code="z">LLO</subfield>
  </datafield>
  <datafield tag="999" ind1=" " ind2=" ">
    <subfield code="c">9686</subfield>
    <subfield code="d">9686</subfield>
  </datafield>
  <datafield tag="952" ind1=" " ind2=" ">
    <subfield code="0">0</subfield>
    <subfield code="1">0</subfield>
    <subfield code="2">ddc</subfield>
    <subfield code="4">0</subfield>
    <subfield code="7">0</subfield>
    <subfield code="8">2</subfield>
    <subfield code="a">BEA</subfield>
    <subfield code="b">BEA</subfield>
    <subfield code="c">3</subfield>
    <subfield code="d">2026-03-27</subfield>
    <subfield code="l">0</subfield>
    <subfield code="o">ADM0038 C746dPG</subfield>
    <subfield code="p">BEA01534</subfield>
    <subfield code="r">2026-03-27</subfield>
    <subfield code="w">2026-03-27</subfield>
    <subfield code="y">TE</subfield>
  </datafield>
</record>
